Els Consells econòmics i socials a Europa : Jornada celebrada l'onze de novembre de 1981, Palau de Congressos Jornada celebrada l'onze de novembre de 1981, Palau de Congressos

Descripción Física: 67 p. ; 24 cm
Materias: Economia -- Europa

MARC

LEADER 00000nam a2200000Ia 4500
001 595
003 BGR
005 20260324175300.0
008 160829s1982 xx 000 0 cat d
080 |a M-3-147 
111 |a Jornada sobre els Consells Econòmics i Socials a Europa   |9 71210  |c (Barcelona :  |d 1981) 
245 |a Els Consells econòmics i socials a Europa :  |b  Jornada celebrada l'onze de novembre de 1981, Palau de Congressos 
260 |a Barcelona :  |b Generalitat de Catalunya, Departament de Treball,  |c 1982 
300 |a 67 p. ;  |c 24 cm 
650 |a Economia  |x Europa  |9 24785 
710 1 |a Catalunya.  |b Departament de Treball  |9 69848 
901 |a Arxiu 
942 |n 1  |2 udc  |c JC 
952 |0 0  |1 0  |4 0  |6 M3147  |7 1  |9 43315  |a Arxiu  |b Arxiu  |d 2016-12-01  |l 0  |o M-3-147  |p 595  |r 2016-12-01 00:00:00  |w 2016-12-01  |y ARXIU 
999 |c 45860  |d 45860